Score 0/90 Timer 08:00
0 Plays Today
Source Show % Correct
TimeThe Sopranos & Survivor
70.8%
Paste MagazineThe Sopranos
64.1%
A. V. ClubThe Sopranos
64.1%
AOLThe Sopranos
64.1%
Entertainment WeeklyThe Sopranos
64.1%
TV GuideThe Sopranos
64.1%
Metacritic*The Sopranos
64.1%
SalonThe Sopranos
64%
Huffington PostThe Sopranos
64%
Paste MagazineLost
61.6%
A. V. ClubLost
61.6%
AOLLost
61.6%
Entertainment WeeklyLost
61.6%
TV GuideLost
61.6%
Metacritic*Lost
61.6%
TimeLost
61.5%
Paste MagazineThe Office (UK/US)
51.8%
A. V. ClubThe Office (UK)
51.8%
Entertainment WeeklyThe Office (UK)
51.8%
Metacritic*The Office (UK)
51.8%
TimeThe Office (UK/US)
51.7%
SalonThe Simpsons
49.5%
SalonSurvivor
47.3%
Paste MagazineMad Men
47.1%
A. V. ClubMad Men
47.1%
AOLMad Men
47.1%
TV GuideMad Men
47.1%
Metacritic*Mad Men
47.1%
TimeMad Men
47%
SalonMad Men
47%
Source Show % Correct
Huffington PostMad Men
47%
Entertainment WeeklyAmerican Idol
45.5%
TV GuideAmerican Idol
45.5%
Metacritic*American Idol
45.5%
A. V. ClubBreaking Bad
45%
TV GuideFamily Guy
43.9%
Paste MagazineThe Wire
42.3%
A. V. ClubThe Wire
42.3%
AOLThe Wire
42.3%
Entertainment WeeklyThe Wire
42.3%
TV GuideThe Wire
42.3%
Metacritic*The Wire
42.3%
TimeThe Wire
42.2%
SalonThe Wire
42.2%
Huffington PostThe Wire
42.2%
AOL30 Rock
41.1%
Paste MagazineArrested Development
37.4%
A. V. ClubArrested Development
37.4%
Entertainment WeeklyArrested Development
37.4%
TV GuideArrested Development
37.4%
Metacritic*Arrested Development
37.4%
TV Guide24
37.4%
TimeArrested Development
37.3%
SalonArrested Development
37.3%
Paste MagazineThe West Wing
29.5%
Huffington PostThe West Wing
29.5%
AOLSex and the City
27.4%
SalonSix Feet Under
26.9%
Huffington PostCurb Your Enthusiasm
26.1%
A. V. ClubDeadwood
22.5%
Source Show % Correct
AOLDeadwood
22.5%
Metacritic*Deadwood
22.5%
TimeDeadwood
22.5%
SalonDeadwood
22.5%
Huffington PostDeadwood
22.5%
Paste MagazineBuffy the Vampire Slayer
19.3%
Paste MagazineThe Daily Show with Jon Stewart
18.8%
AOLThe Daily Show with Jon Stewart
18.8%
Entertainment WeeklyThe Daily Show with Jon Stewart
18.8%
TV GuideThe Daily Show with Jon Stewart
18.8%
Metacritic*The Daily Show with Jon Stewart
18.8%
TimeThe Daily Show with Jon Stewart
18.8%
SalonThe Daily Show with Jon Stewart
18.8%
Huffington PostThe Daily Show with Jon Stewart
18.8%
A. V. ClubThe Shield
16.9%
Entertainment WeeklyThe Shield
16.9%
Metacritic*The Shield
16.9%
SalonThe Shield
16.9%
Huffington PostThe Shield
16.9%
Huffington PostThe Colbert Report
15.5%
AOLFriday Night Lights
15.3%
Paste MagazineBattlestar Galactica
13.2%
AOLBattlestar Galactica
13.2%
TimeBattlestar Galactica
13.2%
Entertainment WeeklyGilmore Girls
13.1%
A. V. ClubFreaks and Geeks
12.6%
TV GuideFreaks and Geeks
12.6%
TimeFreaks and Geeks
12.6%
Huffington PostExtras
5.5%
Entertainment WeeklyThe Comeback
2.4%

You're not logged in!

Compare scores with friends on all Sporcle quizzes.
OR
Log In

Sporcle TV

Today on Sporcle TV


Watch our educational content, quiz creation guides, and fun videos on Sporcle TV.

Show Comments

Extras

Top Quizzes Today


Score Distribution

Paid Content

Your Account Isn't Verified!

In order to create a playlist on Sporcle, you need to verify the email address you used during registration. Go to your Sporcle Settings to finish the process.

Report this User

Report this user for behavior that violates our Community Guidelines.

Details: